Loading...
| Fine Arts - Classical Music | 0 | 4 | 0 | 0 | 40 | 80 | 100.75 | 2 | 3 | 0.00 | 0.00 |
| Short Fiction and Other | 1 | 2 | 0 | 1 | 35 | 52 | 111.00 | 1 | 2 | 0.00 | 0.00 |
| Literature - Long Fiction | 1 | 1 | 0 | 0 | 25 | 63 | 93.00 | 0 | 2 | 0.00 | 0.00 |
| Literature - Short Fiction | 1 | 0 | 0 | 0 | 15 | 29 | 29.00 | 1 | 1 | 0.00 | 0.00 |
| Fine Arts - Other | 0 | 1 | 0 | 0 | 10 | 119 | 119.00 | 0 | 1 | 0.00 | 0.00 |
| History - American | 0 | 1 | 0 | 0 | 10 | 106 | 106.00 | 0 | 0 | 0.00 | 0.00 |
| Other Academic | 0 | 1 | 0 | 0 | 10 | 135 | 135.00 | 0 | 0 | 0.00 | 0.00 |
| Science - Chemistry | 0 | 1 | 0 | 1 | 10 | 139 | 139.00 | 0 | 0 | 0.00 | 0.00 |
| Fine Arts - Painting and Sculpture | 0 | 1 | 0 | 0 | 10 | 87 | 87.00 | 1 | 1 | 0.00 | 0.00 |
| Science - Other | 0 | 0 | 0 | 0 | 0 | 0.00 | 0 | 0 | 0.00 | 0.00 | |
| Literature - Drama | 0 | 0 | 1 | 0 | -5 | 0.00 | 0 | 0 | 0.00 | 0.00 | |
| Science - Physics | 0 | 0 | 1 | 0 | -5 | 0.00 | 0 | 0 | 0.00 | 0.00 |